ARRUPE JESUIT UNIVERSITY

CORONAVIRUS -STOP THE SPREAD - CLEAN,DISINFECT,COVER

The heart set free : (Record no. 125083)

MARC details
000 -LEADER
fixed length control field 01267cam a22003254a 4500
001 - CONTROL NUMBER
control field 13783225
003 - CONTROL NUMBER IDENTIFIER
control field ARRUPE
005 - DATE AND TIME OF LATEST TRANSACTION
control field 20160909110707.0
008 - FIXED-LENGTH DATA ELEMENTS--GENERAL INFORMATION
fixed length control field 041116s2005 nyu b 001 0 eng
010 ## - LIBRARY OF CONGRESS CONTROL NUMBER
LC control number 2004027517
020 ## - INTERNATIONAL STANDARD BOOK NUMBER
International Standard Book Number 0826416136 (pbk.)
040 ## - CATALOGING SOURCE
Original cataloging agency DLC
Transcribing agency DLC
Modifying agency DLC
042 ## - AUTHENTICATION CODE
Authentication code pcc
050 00 - LIBRARY OF CONGRESS CALL NUMBER
Classification number BV4625
Item number .P34 2005
082 00 - DEWEY DECIMAL CLASSIFICATION NUMBER
Classification number 230/.092/2
Edition number 22
300 ## - PHYSICAL DESCRIPTION
Dimensions 23 cm.
100 1# - MAIN ENTRY--PERSONAL NAME
Personal name Paffenroth, Kim,
Dates associated with a name 1966-
9 (RLIN) 25323
245 14 - TITLE STATEMENT
Title The heart set free :
Remainder of title sin and redemption in the Gospels, Augustine, Dante, and Flannery O'Connor /
Statement of responsibility, etc Kim Paffenroth.
260 ## - PUBLICATION, DISTRIBUTION, ETC. (IMPRINT)
Place of publication, distribution, etc New York :
Name of publisher, distributor, etc Continuum,
Date of publication, distribution, etc c2005.
300 ## - PHYSICAL DESCRIPTION
Extent xv, 176 p. ;
504 ## - BIBLIOGRAPHY, ETC. NOTE
Bibliography, etc Includes bibliographical references (p. 157-168) and index.
600 00 - SUBJECT ADDED ENTRY--PERSONAL NAME
Personal name Jesus Christ
General subdivision Teachings.
9 (RLIN) 11865
600 00 - SUBJECT ADDED ENTRY--PERSONAL NAME
Personal name Augustine,
Titles and other words associated with a name Saint, Bishop of Hippo.
Title of a work Confessiones.
9 (RLIN) 25324
600 00 - SUBJECT ADDED ENTRY--PERSONAL NAME
Personal name Dante Alighieri,
Dates associated with a name 1265-1321.
Title of a work Divina commedia.
9 (RLIN) 4255
600 10 - SUBJECT ADDED ENTRY--PERSONAL NAME
Personal name O'Connor, Flannery
General subdivision Religion.
9 (RLIN) 25325
650 #0 - SUBJECT ADDED ENTRY--TOPICAL TERM
Topical term or geographic name as entry element Sin
General subdivision Christianity.
9 (RLIN) 25326
650 #0 - SUBJECT ADDED ENTRY--TOPICAL TERM
Topical term or geographic name as entry element Christian life
General subdivision Catholic authors.
9 (RLIN) 25327
906 ## - LOCAL DATA ELEMENT F, LDF (RLIN)
a 7
b cbc
c orignew
d 1
e ecip
f 20
g y-gencatlg
942 ## - ADDED ENTRY ELEMENTS (KOHA)
Source of classification or shelving scheme Library of Congress Classification
Koha item type Monograph ( Printed materials)
Holdings
Withdrawn status Lost status Source of classification or shelving scheme Damaged status Not for loan Collection code Home library Current library Shelving location Date acquired Total Checkouts Full call number Barcode Date last seen Date checked out Price effective from Koha item type
    Library of Congress Classification     Main Collection ARRUPE LIBRARY ARRUPE LIBRARY Main Collection 23/08/2016 1 BV4625 .P34 2005 46500010241 11/05/2021 23/03/2020 23/08/2016 Monograph ( Printed materials)

 

Arrupe Library. PO Box MP320 Mt Pleasant, Harare, Zimbabwe
263 242 745411|librarian@aju.ac.zw